|
|
|
|
| LEADER |
03453nam a2200577 4500 |
| 001 |
978-3-030-01653-1 |
| 003 |
DE-He213 |
| 005 |
20191022033816.0 |
| 007 |
cr nn 008mamaa |
| 008 |
180925s2018 gw | s |||| 0|eng d |
| 020 |
|
|
|a 9783030016531
|9 978-3-030-01653-1
|
| 024 |
7 |
|
|a 10.1007/978-3-030-01653-1
|2 doi
|
| 040 |
|
|
|d GrThAP
|
| 050 |
|
4 |
|a QA76.9.C643
|
| 050 |
|
4 |
|a TK5105.5-5105.9
|
| 072 |
|
7 |
|a UT
|2 bicssc
|
| 072 |
|
7 |
|a COM043000
|2 bisacsh
|
| 072 |
|
7 |
|a UT
|2 thema
|
| 082 |
0 |
4 |
|a 004.6
|2 23
|
| 245 |
1 |
0 |
|a New Trends in Information and Communications Technology Applications
|h [electronic resource] :
|b Third International Conference, NTICT 2018, Baghdad, Iraq, October 2-4, 2018, Proceedings /
|c edited by Safaa O. Al-mamory, Jwan K. Alwan, Ali D. Hussein.
|
| 250 |
|
|
|a 1st ed. 2018.
|
| 264 |
|
1 |
|a Cham :
|b Springer International Publishing :
|b Imprint: Springer,
|c 2018.
|
| 300 |
|
|
|a XII, 299 p. 123 illus.
|b online resource.
|
| 336 |
|
|
|a text
|b txt
|2 rdacontent
|
| 337 |
|
|
|a computer
|b c
|2 rdamedia
|
| 338 |
|
|
|a online resource
|b cr
|2 rdacarrier
|
| 347 |
|
|
|a text file
|b PDF
|2 rda
|
| 490 |
1 |
|
|a Communications in Computer and Information Science,
|x 1865-0929 ;
|v 938
|
| 505 |
0 |
|
|a Computer Networks -- System and Network Security -- Machine Learning -- Intelligent Control System -- Communication Applications -- Computer Vision -- E-learning.
|
| 520 |
|
|
|a This book constitutes the refereed proceedings of the Third International Conference on New Trends in Information and Communications Technology Applications, NTICT 2018, held in Baghdad, Iraq, in October 2018. The 18 papers presented were carefully reviewed and selected from 86 submissions. The papers are organized in topical sections, namely: Computer networks; system and network security; machine learning; intelligent control system; communication applications; computer vision; and e-learning.
|
| 650 |
|
0 |
|a Computer organization.
|
| 650 |
|
0 |
|a Data mining.
|
| 650 |
|
0 |
|a Artificial intelligence.
|
| 650 |
|
0 |
|a Optical data processing.
|
| 650 |
|
0 |
|a Software engineering.
|
| 650 |
1 |
4 |
|a Computer Systems Organization and Communication Networks.
|0 http://scigraph.springernature.com/things/product-market-codes/I13006
|
| 650 |
2 |
4 |
|a Data Mining and Knowledge Discovery.
|0 http://scigraph.springernature.com/things/product-market-codes/I18030
|
| 650 |
2 |
4 |
|a Artificial Intelligence.
|0 http://scigraph.springernature.com/things/product-market-codes/I21000
|
| 650 |
2 |
4 |
|a Image Processing and Computer Vision.
|0 http://scigraph.springernature.com/things/product-market-codes/I22021
|
| 650 |
2 |
4 |
|a Software Engineering/Programming and Operating Systems.
|0 http://scigraph.springernature.com/things/product-market-codes/I14002
|
| 700 |
1 |
|
|a Al-mamory, Safaa O.
|e editor.
|0 (orcid)0000-0003-3144-8222
|1 https://orcid.org/0000-0003-3144-8222
|4 edt
|4 http://id.loc.gov/vocabulary/relators/edt
|
| 700 |
1 |
|
|a Alwan, Jwan K.
|e editor.
|4 edt
|4 http://id.loc.gov/vocabulary/relators/edt
|
| 700 |
1 |
|
|a Hussein, Ali D.
|e editor.
|4 edt
|4 http://id.loc.gov/vocabulary/relators/edt
|
| 710 |
2 |
|
|a SpringerLink (Online service)
|
| 773 |
0 |
|
|t Springer eBooks
|
| 776 |
0 |
8 |
|i Printed edition:
|z 9783030016524
|
| 776 |
0 |
8 |
|i Printed edition:
|z 9783030016548
|
| 830 |
|
0 |
|a Communications in Computer and Information Science,
|x 1865-0929 ;
|v 938
|
| 856 |
4 |
0 |
|u https://doi.org/10.1007/978-3-030-01653-1
|z Full Text via HEAL-Link
|
| 912 |
|
|
|a ZDB-2-SCS
|
| 950 |
|
|
|a Computer Science (Springer-11645)
|